000 00752nam a22001937a 4500
003 PILC
005 20150820104337.0
008 150603b xxu||||| |||| 00| 0 eng d
020 _a9786071505873
050 _aPE 1001 .L897 te1tg 2012
100 _aLoveday, Peter.
245 _aTakeaway english 1 :
_b: english for success : teacher's guide /
_cPeter Loveday., Melissa Koop., Sally Trowbridge., Edward Scarry .--
260 _aNew York,
_bMcGraw-Hill
_c2012
300 _a394 pages.,
_bcol.,ill.,
_c; 27 cm.
_eTeacher's Guide
500 _aIncludes answer key and audio list
650 _aEnglish Language
700 _aKoop, Melissa., Trowbridge, Sally., Varandani, Lisa.
942 _2lcc
_cBK
_hPE 1001 .L897 te1tg 2012
999 _c284693
_d284693